Cartografia de la província de Barcelona : 1833-2000 / M. Carme Montaner i García ; [fotografia: Ramon Manent] 1833-2000 / M. Carme Montaner i García ; [fotografia:
ISBN:
84-7794-874-7
Descripción Física:
179 p. : il., map. ; 28 x 29 cm
Otros Autores:
Manent, Ramon, 1948-
MARC
| LEADER | 00000nam a2200000Ia 4500 | ||
|---|---|---|---|
| 001 | 14918 | ||
| 008 | 160829s2003 xx 000 0 cat d | ||
| 020 | |a 84-7794-874-7 | ||
| 080 | |a H-2-204 | ||
| 100 | |a Montaner i García, M. Carme |9 49161 | ||
| 245 | |a Cartografia de la província de Barcelona : |b 1833-2000 / M. Carme Montaner i García ; [fotografia: |b Ramon Manent] | ||
| 260 | |a [Barcelona] : |b Diputació de Barcelona, Xarxa de Municipis, |c 2003 | ||
| 300 | |a 179 p. : |b il., map. ; |c 28 x 29 cm | ||
| 590 | |a Annex: Cinquanta mapes per resseguir la història de la cartografia de la província de Barcelona. | ||
| 590 | |a Índex onomàstic. | ||
| 590 | |a Hi ha un duplicat a: DUP-327 | ||
| 650 | |a Cartografia |x Barcelona (Província) |x Història |x 1833/2000 |9 49162 | ||
| 700 | |a Manent, Ramon, |d 1948- |e fotògraf |9 39599 | ||
| 710 | 1 | |a Barcelona (Catalunya : Província). |b Diputació |9 52408 | |
| 901 | |a Arxiu | ||
| 942 | |n 1 |2 udc | ||
| 952 | |0 0 |1 0 |4 0 |6 H2204 |7 1 |9 55128 |a Arxiu |b Arxiu |d 2016-12-01 |l 0 |o H-2-204 |p 14918 |r 2016-12-01 00:00:00 |w 2016-12-01 |y ARXIU | ||
| 999 | |c 59000 |d 59000 | ||